000 00927cam a22002897a 4500
003 CHAP
005 20220329134431.0
008 971013s1979 mx r 00010 spa d
010 _a20445
011 _a21417
035 _a25507
040 _cCHAP
090 _aFolleto 6303
100 0 0 _aArellano Rodríguez, José Alberto
_ecomp.
_96922
245 1 0 _aBibliografía sobre Leucaena leucocephala
260 _aMérida, Yuc., :
_bINIA. Campo Agrícola Experimental Zona Henequenera,
_c1979
300 _a59 p
590 _aBATCH-UPD
_b10
_c20130110
_lUCH01
_h1649
590 _aBATCH-UPD
_b10
_c20130410
_lUCH01
_h1039
590 _aBATCH-UPD
_b10
_c20130914
_lUCH01
_h1723
590 _aCONVERSION
_b10
_c20130109
_lUCH01
_h1312
650 1 4 _aLeucaena
_xBibliografía.
_966379
650 1 4 _aPlantas forrajeras
_xBibliografía.
_988946
901 _aBK
942 _cFOLL
949 _aFolleto 6303
_bBC
_cFOLL
_d-58825
_eTS1
_i25507
_si
999 _c20445
_d20445